Since 1947: (Record no. 53135)
[ view plain ]
| 000 -LEADER | |
|---|---|
| fixed length control field | 01436nam a22002777a 4500 |
| 005 - DATE AND TIME OF LATEST TRANSACTION | |
| control field | 20110624110859.0 |
| 010 ## - LCCN (DPL NO) | |
| LC control number | B-430919 B-477249 |
| 020 ## - INTERNATIONAL STANDARD BOOK NUMBER | |
| International Standard Book Number | 9780195683776 |
| Terms of availability | 550.00 |
| 035 ## - SYSTEM CONTROL NUMBER | |
| System control number | B-430919 B-477249 |
| 037 ## - SOURCE OF ACQUISITION | |
| Source of stock number/acquisition | Oxford University Press |
| 037 ## - SOURCE OF ACQUISITION | |
| Source of stock number/acquisition | Allied Pub/Ven |
| 037 ## - SOURCE OF ACQUISITION | |
| Source of stock number/acquisition | K.K.Pub/Ven |
| 082 ## - DEWEY DECIMAL CLASSIFICATION NUMBER | |
| Classification number | 954.085 |
| 100 ## - MAIN ENTRY--PERSONAL NAME | |
| Personal name | Ravinder Kaur |
| 245 ## - TITLE STATEMENT | |
| Title | Since 1947: |
| Statement of responsibility, etc | by Ravinder Kaur |
| Remainder of title | partition narratives among punjabi migrants of Delhi / |
| 260 ## - PUBLICATION, DISTRIBUTION, ETC. (IMPRINT) | |
| Place of publication, distribution, etc | New Delhi |
| Name of publisher, distributor, etc | Oxford University Press |
| Date of publication, distribution, etc | 2008 |
| 270 ## - ADDRESS | |
| Address | YMCA Library Building, Jai Singh Road |
| City | New Delhi |
| Postal code | 110001 |
| 300 ## - PHYSICAL DESCRIPTION | |
| Extent | 277p. |
| Dimensions | 24cm(Hb) |
| 500 ## - GENERAL NOTE | |
| General note | Includes bibliographical references and index |
| 942 ## - ADDED ENTRY ELEMENTS (KOHA) | |
| Source of classification or shelving scheme | Dewey Decimal Classification |
| Item type | English Books |
| Call number suffix | RAV |
| Classification part | 954.085 |
| Withdrawn status | Lost status | Not for loan | Home library | Current library | Date acquired | Cost, normal purchase price | Full call number | Cost, replacement price | Koha item type | Collection code | Source of acquisition | Barcode | Copy number |
|---|---|---|---|---|---|---|---|---|---|---|---|---|---|
| Andrews Gunj | Andrews Gunj | 24/06/2011 | 550.00 | RAV | 550.00 | English Books | |||||||
| Central Library | Central Library | 08/07/2011 | 550.00 | 954.085 RAV | 550.00 | English Books | Non-fiction | Allied Pub/2951/29.3.11/78/14.3.11/31.3.11 | B-430919 | 1 | |||
| Central Library | Central Library | 09/08/2012 | 550.00 | 954.085 RAV | 550.00 | English Books | Non-fiction | K.K.Pub/1907/30.3.2012/SP/45/30.03.2012/30.03.2012 | B-477249 | 1 |
